[Event "XLIV Memoriał Szachowy Ludwika Zamenhofa 2025, Grupa A"]
[Site "Białystok, Poland"]
[Date "2025.12.29"]
[Round "5.10"]
[White "Krol, Jan"]
[Black "Markowski, Tomasz"]
[Result "1/2-1/2"]
[TimeControl "90'+30\""]
[WhiteElo "2202"]
[BlackElo "2491"]

1. e4 {[%clk 01:30:59]} {[%emt 00:00:01]} c5 {[%clk 01:30:57]} {[%emt
00:00:03]} 2. Nf3 {[%clk 01:31:23]} {[%emt 00:00:05]} Nc6 {[%clk 01:31:25]}
{[%emt 00:00:03]} 3. Bb5 {[%clk 01:22:21]} {[%emt 00:09:33]} e6 {[%clk
01:31:49]} {[%emt 00:00:05]} 4. O-O {[%clk 01:21:37]} {[%emt 00:01:14]} Nge7
{[%clk 01:32:03]} {[%emt 00:00:16]} 5. Re1 {[%clk 01:20:11]} {[%emt 00:01:56]}
a6 {[%clk 01:32:16]} {[%emt 00:00:17]} 6. Bf1 {[%clk 01:19:33]} {[%emt
00:01:08]} d5 {[%clk 01:32:34]} {[%emt 00:00:12]} 7. exd5 {[%clk 01:16:44]}
{[%emt 00:03:20]} Nxd5 {[%clk 01:32:57]} {[%emt 00:00:06]} 8. Nc3 {[%clk
01:15:03]} {[%emt 00:02:11]} Nf6 {[%clk 01:26:23]} {[%emt 00:07:05]} 9. g3
{[%clk 01:13:56]} {[%emt 00:01:36]} Be7 {[%clk 01:25:25]} {[%emt 00:01:27]} 10.
Bg2 {[%clk 01:13:47]} {[%emt 00:00:39]} O-O {[%clk 01:25:49]} {[%emt 00:00:07]}
11. d3 {[%clk 01:13:15]} {[%emt 00:01:02]} Bd7 {[%clk 01:24:17]} {[%emt
00:02:01]} 12. a4 {[%clk 01:06:28]} {[%emt 00:07:18]} Rc8 {[%clk 01:24:10]}
{[%emt 00:00:37]} 13. Bf4 {[%clk 00:57:40]} {[%emt 00:09:18]} Qb6 {[%clk
01:21:43]} {[%emt 00:02:57]} 14. Ne5 {[%clk 00:57:17]} {[%emt 00:00:53]} Nxe5
{[%clk 01:21:09]} {[%emt 00:01:04]} 15. Bxe5 {[%clk 00:57:31]} {[%emt
00:00:16]} Bc6 {[%clk 01:21:32]} {[%emt 00:00:07]} 16. Ne4 {[%clk 00:55:49]}
{[%emt 00:02:12]} Bxe4 {[%clk 01:18:05]} {[%emt 00:03:57]} 17. dxe4 {[%clk
00:53:59]} {[%emt 00:02:19]} Rfd8 {[%clk 01:18:07]} {[%emt 00:00:28]} 18. Qe2
{[%clk 00:54:01]} {[%emt 00:00:27]} c4 {[%clk 01:13:36]} {[%emt 00:05:03]} 19.
Bc3 {[%clk 00:49:52]} {[%emt 00:04:38]} Nd7 {[%clk 01:08:55]} {[%emt 00:05:11]}
20. Qg4 {[%clk 00:49:37]} {[%emt 00:00:46]} g6 {[%clk 01:08:35]} {[%emt
00:00:49]} 21. Red1 {[%clk 00:42:45]} {[%emt 00:07:22]} Bb4 {[%clk 01:07:39]}
{[%emt 00:01:26]} 22. Qf3 {[%clk 00:42:40]} {[%emt 00:00:36]} Bxc3 {[%clk
01:06:43]} {[%emt 00:01:26]} 23. Qxc3 {[%clk 00:43:04]} {[%emt 00:00:06]} Nc5
{[%clk 01:04:01]} {[%emt 00:03:12]} 24. Rxd8+ {[%clk 00:28:49]} {[%emt
00:14:45]} Rxd8 {[%clk 01:04:08]} {[%emt 00:00:23]} 25. h4 {[%clk 00:29:13]}
{[%emt 00:00:06]} h5 {[%clk 01:01:40]} {[%emt 00:02:58]} 26. Bf3 {[%clk
00:25:00]} {[%emt 00:04:42]} a5 {[%clk 01:00:32]} {[%emt 00:01:39]} 27. Rb1
{[%clk 00:19:52]} {[%emt 00:05:39]} Nxa4 {[%clk 00:56:37]} {[%emt 00:04:24]} 28.
Qf6 {[%clk 00:18:59]} {[%emt 00:01:22]} Nc5 {[%clk 00:54:20]} {[%emt 00:02:48]}
29. Re1 {[%clk 00:15:12]} {[%emt 00:04:17]} Rd2 {[%clk 00:46:49]} {[%emt
00:08:01]} 30. Bxh5 {[%clk 00:15:08]} {[%emt 00:00:34]} Nd7 {[%clk 00:46:47]}
{[%emt 00:00:32]} 31. Qf4 {[%clk 00:15:28]} {[%emt 00:00:09]} Rxc2 {[%clk
00:46:53]} {[%emt 00:00:25]} 32. Bd1 {[%clk 00:03:02]} {[%emt 00:12:55]} Rxb2
{[%clk 00:40:59]} {[%emt 00:06:25]} 33. h5 {[%clk 00:02:25]} {[%emt 00:01:07]}
e5 {[%clk 00:40:13]} {[%emt 00:01:16]} 34. Qf3 {[%clk 00:02:51]} {[%emt
00:00:04]} gxh5 {[%clk 00:40:09]} {[%emt 00:00:34]} 35. Be2 {[%clk 00:01:51]}
{[%emt 00:01:31]} Qg6 {[%clk 00:29:54]} {[%emt 00:10:44]} 36. Bxc4 {[%clk
00:02:09]} {[%emt 00:00:12]} Nf6 {[%clk 00:29:26]} {[%emt 00:00:58]} 37. Qc3
{[%clk 00:00:57]} {[%emt 00:01:41]} Rb4 {[%clk 00:29:47]} {[%emt 00:00:09]} 38.
Bd5 {[%clk 00:00:55]} {[%emt 00:00:32]} Rd4 {[%clk 00:21:37]} {[%emt 00:08:40]}
39. Qxa5 {[%clk 00:00:42]} {[%emt 00:00:44]} h4 {[%clk 00:19:59]} {[%emt
00:02:08]} 40. Qc3 {[%clk 00:00:46]} {[%emt 00:00:25]} hxg3 {[%clk 00:19:28]}
{[%emt 00:01:01]} 41. fxg3 {[%clk 00:01:12]} {[%emt 00:00:05]} Nxd5 {[%clk
00:16:38]} {[%emt 00:03:21]} 42. exd5 {[%clk 00:01:36]} {[%emt 00:00:05]} Rd3
{[%clk 00:17:05]} {[%emt 00:00:02]} 43. Qxe5 {[%clk 00:00:45]} {[%emt
00:01:21]} Rxg3+ {[%clk 00:17:27]} {[%emt 00:00:08]} 44. Kf2 {[%clk 00:00:37]}
{[%emt 00:00:38]} Rg2+ {[%clk 00:17:39]} {[%emt 00:00:19]} 45. Kf3 {[%emt
00:00:37]} Qg4+ {[%clk 00:17:43]} 46. Ke3 {[%clk 00:01:24]} {[%emt 00:00:02]}
Qh3+ {[%clk 00:13:51]} {[%emt 00:04:22]} 47. Kd4 {[%clk 00:01:43]} {[%emt
00:00:11]} Rd2+ {[%clk 00:13:32]} {[%emt 00:00:48]} 48. Kc5 {[%clk 00:01:43]}
{[%emt 00:00:30]} Qc8+ {[%clk 00:13:28]} {[%emt 00:00:34]} 49. Kb4 {[%clk
00:01:25]} {[%emt 00:00:48]} Qf8+ {[%clk 00:09:47]} {[%emt 00:04:11]} 50. Kc3
{[%clk 00:01:39]} {[%emt 00:00:17]} Rg2 {[%clk 00:10:14]} {[%emt 00:00:02]} 51.
Qe8 {[%clk 00:01:34]} {[%emt 00:00:35]} Rg6 {[%clk 00:10:43]} {[%emt 00:00:01]}
52. Re7 {[%clk 00:00:45]} {[%emt 00:01:20]} b6 {[%clk 00:11:12]} {[%emt
00:00:01]} 53. Kd4 {[%clk 00:00:47]} {[%emt 00:00:28]} Kg7 {[%clk 00:10:02]}
{[%emt 00:01:40]} 54. Qxf8+ {[%clk 00:01:12]} {[%emt 00:00:04]} Kxf8 {[%clk
00:10:31]} {[%emt 00:00:01]} 55. Rb7 {[%clk 00:00:51]} {[%emt 00:00:51]} Ke8
{[%clk 00:10:29]} {[%emt 00:00:32]} 56. Ke4 {[%clk 01:30:30]} {[%emt 00:00:19]}
1/2-1/2

[Event "XLIV Memoriał Szachowy Ludwika Zamenhofa 2025, Grupa A"]
[Site "Białystok, Poland"]
[Date "2025.12.29"]
[Round "5.11"]
[White "Baum, Jonasz"]
[Black "Kulig, Pawel"]
[Result "1-0"]
[TimeControl "90'+30\""]
[WhiteElo "2446"]
[BlackElo "2172"]

1. Nf3 {[%clk 01:30:57]} {[%emt 00:00:02]} Nf6 {[%clk 01:29:43]} {[%emt
00:01:17]} 2. c4 {[%clk 01:31:18]} {[%emt 00:00:09]} g6 {[%clk 01:28:43]}
{[%emt 00:01:30]} 3. Nc3 {[%clk 01:31:42]} {[%emt 00:00:06]} Bg7 {[%clk
01:28:55]} {[%emt 00:00:17]} 4. e4 {[%clk 01:32:00]} {[%emt 00:00:12]} e5
{[%clk 01:28:46]} {[%emt 00:00:39]} 5. Nxe5 {[%clk 01:32:11]} {[%emt 00:00:20]}
O-O {[%clk 01:20:04]} {[%emt 00:09:13]} 6. Nf3 {[%clk 01:31:27]} {[%emt
00:01:13]} Re8 {[%clk 01:14:49]} {[%emt 00:05:45]} 7. Bd3 {[%clk 01:31:25]}
{[%emt 00:00:32]} d5 {[%clk 01:08:16]} {[%emt 00:07:03]} 8. cxd5 {[%clk
01:31:39]} {[%emt 00:00:17]} Nxd5 {[%clk 01:07:31]} {[%emt 00:01:14]} 9. O-O
{[%clk 01:21:13]} {[%emt 00:10:56]} Nb6 {[%clk 01:07:25]} {[%emt 00:00:37]} 10.
Bb5 {[%clk 01:17:56]} {[%emt 00:03:46]} c6 {[%clk 01:06:08]} {[%emt 00:01:47]}
11. Be2 {[%clk 01:18:21]} {[%emt 00:00:05]} c5 {[%clk 01:05:02]} {[%emt
00:01:36]} 12. d3 {[%clk 01:14:26]} {[%emt 00:04:25]} Nc6 {[%clk 01:03:34]}
{[%emt 00:01:58]} 13. Bg5 {[%clk 01:13:28]} {[%emt 00:01:28]} Bf6 {[%clk
01:02:32]} {[%emt 00:01:33]} 14. Be3 {[%clk 01:08:00]} {[%emt 00:05:58]} Nd4
{[%clk 01:01:31]} {[%emt 00:01:30]} 15. Rc1 {[%clk 01:06:17]} {[%emt 00:02:13]}
Bd7 {[%clk 00:51:12]} {[%emt 00:10:49]} 16. Nd2 {[%clk 00:58:57]} {[%emt
00:07:50]} Bc6 {[%clk 00:43:54]} {[%emt 00:07:48]} 17. Nb3 {[%clk 00:47:32]}
{[%emt 00:11:56]} Qe7 {[%clk 00:36:56]} {[%emt 00:07:27]} 18. Na5 {[%clk
00:42:42]} {[%emt 00:05:20]} Rad8 {[%clk 00:35:12]} {[%emt 00:02:14]} 19. b3
{[%clk 00:36:14]} {[%emt 00:06:58]} Qd7 {[%clk 00:24:59]} {[%emt 00:10:44]} 20.
Bg4 {[%clk 00:35:20]} {[%emt 00:01:23]} Ne6 {[%clk 00:23:07]} {[%emt 00:02:22]}
21. Bxc5 {[%clk 00:30:29]} {[%emt 00:05:22]} Qd6 {[%emt 00:00:49]} 22. d4 Qxd4
{[%clk 00:22:47]} 23. Nd5 {[%clk 00:29:12]} {[%emt 00:01:47]} Qd3 {[%clk
00:16:25]} 1-0

[Event "XLIV Memoriał Szachowy Ludwika Zamenhofa 2025, Grupa A"]
[Site "Białystok, Poland"]
[Date "2025.12.29"]
[Round "5.12"]
[White "Butkiewicz, Jan"]
[Black "Jakubowski, Krzysztof"]
[Result "0-1"]
[TimeControl "90'+30\""]
[WhiteElo "2199"]
[BlackElo "2437"]

1. d4 {[%clk 01:30:51]} {[%emt 00:00:09]} Nf6 {[%clk 01:30:53]} {[%emt
00:00:07]} 2. c4 {[%clk 01:30:50]} {[%emt 00:00:31]} e6 {[%clk 01:31:11]}
{[%emt 00:00:12]} 3. Nf3 {[%clk 01:31:15]} {[%emt 00:00:06]} Bb4+ {[%clk
01:31:34]} {[%emt 00:00:06]} 4. Nbd2 {[%clk 01:31:17]} {[%emt 00:00:28]} b6
{[%clk 01:30:22]} {[%emt 00:01:43]} 5. a3 {[%clk 01:29:32]} {[%emt 00:02:15]}
Bxd2+ {[%clk 01:30:43]} {[%emt 00:00:08]} 6. Qxd2 {[%clk 01:29:53]} {[%emt
00:00:09]} O-O {[%clk 01:30:47]} {[%emt 00:00:26]} 7. e3 {[%clk 01:30:18]}
{[%emt 00:00:05]} Bb7 {[%clk 01:31:12]} {[%emt 00:00:06]} 8. Be2 {[%clk
01:30:43]} {[%emt 00:00:05]} d5 {[%clk 01:31:35]} {[%emt 00:00:06]} 9. cxd5
{[%clk 01:28:29]} {[%emt 00:02:43]} Bxd5 {[%clk 01:27:41]} {[%emt 00:04:25]} 10.
b4 {[%clk 01:27:00]} {[%emt 00:02:00]} Ne4 {[%clk 01:18:18]} {[%emt 00:09:52]}
11. Qc2 {[%clk 01:20:23]} {[%emt 00:07:08]} Nd7 {[%clk 01:06:24]} {[%emt
00:12:24]} 12. O-O {[%clk 01:08:53]} {[%emt 00:11:59]} f5 {[%clk 01:00:22]}
{[%emt 00:06:32]} 13. Bb2 {[%clk 00:54:23]} {[%emt 00:15:00]} a5 {[%clk
00:45:35]} {[%emt 00:15:17]} 14. Rfc1 {[%clk 00:38:38]} {[%emt 00:16:15]} c6
{[%clk 00:43:59]} {[%emt 00:02:06]} 15. b5 {[%clk 00:22:28]} {[%emt 00:16:42]}
cxb5 {[%clk 00:40:42]} {[%emt 00:03:47]} 16. Bxb5 {[%clk 00:22:13]} {[%emt
00:00:44]} Nd6 {[%clk 00:40:51]} {[%emt 00:00:22]} 17. Bxd7 {[%clk 00:20:21]}
{[%emt 00:02:22]} Qxd7 {[%clk 00:41:12]} {[%emt 00:00:09]} 18. Ne5 {[%clk
00:18:50]} {[%emt 00:02:01]} Qe7 {[%clk 00:40:45]} {[%emt 00:00:56]} 19. f3
{[%clk 00:16:56]} {[%emt 00:02:25]} Rfc8 {[%clk 00:37:47]} {[%emt 00:03:27]} 20.
Qd3 {[%clk 00:14:01]} {[%emt 00:03:25]} b5 {[%clk 00:37:42]} {[%emt 00:00:35]}
21. Bc3 {[%clk 00:11:47]} {[%emt 00:02:44]} Nc4 {[%clk 00:25:17]} {[%emt
00:12:55]} 22. Nxc4 {[%clk 00:11:55]} {[%emt 00:00:22]} Rxc4 {[%clk 00:24:38]}
{[%emt 00:01:10]} 23. e4 {[%clk 00:09:10]} {[%emt 00:03:15]} fxe4 {[%clk
00:24:17]} {[%emt 00:00:50]} 24. fxe4 {[%clk 00:09:38]} {[%emt 00:00:02]} Bb7
{[%clk 00:23:55]} {[%emt 00:00:53]} 25. Bd2 {[%clk 00:06:07]} {[%emt 00:04:00]}
Qh4 {[%clk 00:20:01]} {[%emt 00:04:24]} 26. Re1 {[%clk 00:05:56]} {[%emt
00:00:41]} Rd8 {[%clk 00:20:12]} {[%emt 00:00:20]} 27. d5 {[%clk 00:01:10]}
{[%emt 00:05:17]} exd5 {[%clk 00:19:29]} {[%emt 00:01:13]} 28. Bxa5 {[%clk
00:01:18]} {[%emt 00:00:22]} Rf8 {[%clk 00:18:11]} {[%emt 00:01:47]} 29. Bb4
{[%clk 00:00:40]} {[%emt 00:01:08]} dxe4 {[%clk 00:08:31]} {[%emt 00:10:11]} 30.
Qd7 {[%clk 00:00:52]} {[%emt 00:00:17]} Qf2+ {[%clk 00:01:34]} {[%emt
00:07:28]} 31. Kh1 {[%clk 00:01:21]} {[%emt 00:00:01]} Qf7 {[%clk 00:01:40]}
{[%emt 00:00:24]} 32. Qxb5 {[%clk 00:01:19]} {[%emt 00:00:32]} e3 {[%clk
00:01:22]} {[%emt 00:00:48]} 33. Rg1 {[%clk 00:00:41]} {[%emt 00:01:08]} Rb8
{[%clk 00:00:34]} {[%emt 00:01:18]} 34. Qg5 {[%clk 00:00:35]} {[%emt 00:00:35]}
e2 {[%clk 00:00:40]} {[%emt 00:00:24]} 35. Rae1 {[%clk 00:00:32]} {[%emt
00:00:34]} Re8 {[%clk 00:00:57]} {[%emt 00:00:13]} 36. Qb5 {[%clk 00:00:35]}
{[%emt 00:00:27]} Bc6 {[%clk 00:00:48]} {[%emt 00:00:38]} 37. Qg5 {[%clk
00:00:45]} {[%emt 00:00:20]} h6 {[%clk 00:00:48]} {[%emt 00:00:31]} 38. Qd2
{[%clk 00:00:34]} {[%emt 00:00:41]} Qf2 {[%clk 00:00:49]} {[%emt 00:00:28]} 39.
Qa2 {[%clk 00:00:38]} {[%emt 00:00:26]} Bd5 {[%clk 00:01:08]} {[%emt 00:00:11]}
40. Qd2 {[%clk 00:00:38]} {[%emt 00:00:30]} Rd4 {[%clk 00:01:17]} {[%emt
00:00:22]} 41. Qc3 {[%clk 00:00:38]} {[%emt 00:00:30]} Rg4 {[%clk 00:01:28]}
{[%emt 00:00:18]} 42. Qh3 {[%clk 00:00:54]} {[%emt 00:00:15]} Rxg2 {[%clk
00:01:32]} {[%emt 00:00:27]} 0-1

[Event "XLIV Memoriał Szachowy Ludwika Zamenhofa 2025, Grupa A"]
[Site "Białystok, Poland"]
[Date "2025.12.29"]
[Round "5.13"]
[White "Lewtak, Damian"]
[Black "Greicius, Pijus"]
[Result "1-0"]
[TimeControl "90'+30\""]
[WhiteElo "2333"]
[BlackElo "2170"]

1. c4 {[%clk 01:30:58]} {[%emt 00:00:02]} e6 {[%clk 01:30:42]} {[%emt
00:00:11]} 2. e4 {[%clk 01:31:26]} {[%emt 00:00:09]} d5 {[%clk 01:31:02]}
{[%emt 00:00:11]} 3. exd5 {[%clk 01:31:51]} {[%emt 00:00:04]} exd5 {[%clk
01:31:27]} {[%emt 00:00:05]} 4. d4 {[%clk 01:32:17]} {[%emt 00:00:04]} Nf6
{[%clk 01:30:58]} {[%emt 00:00:59]} 5. Nf3 {[%clk 01:32:34]} {[%emt 00:00:13]}
Bb4+ {[%clk 01:30:15]} {[%emt 00:01:13]} 6. Nc3 {[%clk 01:32:59]} {[%emt
00:00:06]} O-O {[%clk 01:29:48]} {[%emt 00:00:57]} 7. Be2 {[%clk 01:31:59]}
{[%emt 00:01:29]} dxc4 {[%clk 01:19:49]} {[%emt 00:10:30]} 8. Bxc4 {[%clk
01:31:44]} {[%emt 00:00:44]} Nc6 {[%clk 01:14:31]} {[%emt 00:05:49]} 9. O-O
{[%clk 01:25:23]} {[%emt 00:06:51]} Bg4 {[%clk 01:10:58]} {[%emt 00:04:03]} 10.
Bg5 {[%clk 01:24:52]} {[%emt 00:01:00]} Bxf3 {[%clk 00:56:48]} {[%emt
00:14:41]} 11. Qxf3 {[%clk 01:25:15]} {[%emt 00:00:06]} Qxd4 {[%clk 00:57:08]}
{[%emt 00:00:10]} 12. Bxf6 {[%clk 01:24:20]} {[%emt 00:01:25]} Qxf6 {[%clk
00:56:12]} {[%emt 00:01:27]} 13. Qxf6 {[%clk 01:24:43]} {[%emt 00:00:07]} gxf6
{[%clk 00:56:38]} {[%emt 00:00:03]} 14. Nd5 {[%clk 01:25:05]} {[%emt 00:00:08]}
Bd6 {[%clk 00:50:24]} {[%emt 00:06:45]} 15. Nxf6+ {[%clk 01:24:43]} {[%emt
00:00:52]} Kg7 {[%clk 00:50:47]} {[%emt 00:00:07]} 16. Ne4 {[%clk 01:24:31]}
{[%emt 00:00:40]} Be5 {[%clk 00:51:02]} {[%emt 00:00:16]} 17. Rab1 {[%clk
01:09:48]} {[%emt 00:15:12]} Rad8 {[%clk 00:44:45]} {[%emt 00:06:48]} 18. b3
{[%clk 01:09:05]} {[%emt 00:01:13]} Bd4 {[%clk 00:41:04]} {[%emt 00:04:11]} 19.
Rfd1 {[%clk 01:05:46]} {[%emt 00:03:48]} Ne5 {[%clk 00:30:37]} {[%emt
00:10:59]} 20. Be2 {[%clk 01:05:07]} {[%emt 00:01:08]} h6 {[%clk 00:22:16]}
{[%emt 00:08:51]} 21. Ng3 {[%clk 01:04:19]} {[%emt 00:01:18]} f5 {[%clk
00:18:58]} {[%emt 00:03:48]} 22. Nh5+ {[%clk 01:02:49]} {[%emt 00:01:59]} Kf7
{[%clk 00:18:12]} {[%emt 00:01:17]} 23. Nf4 {[%clk 01:01:59]} {[%emt 00:01:19]}
Rd6 {[%clk 00:14:58]} {[%emt 00:03:44]} 24. g3 {[%clk 01:01:24]} {[%emt
00:01:05]} Rfd8 {[%clk 00:14:55]} {[%emt 00:00:33]} 25. Kg2 {[%clk 01:00:50]}
{[%emt 00:01:03]} Bb6 {[%clk 00:14:14]} {[%emt 00:01:12]} 26. Rxd6 {[%clk
01:01:13]} {[%emt 00:00:08]} Rxd6 {[%clk 00:14:39]} {[%emt 00:00:05]} 27. Rb2
{[%clk 01:01:36]} {[%emt 00:00:05]} Kf6 {[%clk 00:13:45]} {[%emt 00:01:26]} 28.
b4 {[%clk 00:58:39]} {[%emt 00:03:27]} c6 {[%clk 00:13:13]} {[%emt 00:01:02]}
29. a3 {[%clk 00:57:41]} {[%emt 00:01:27]} Rd4 {[%clk 00:12:51]} {[%emt
00:00:53]} 30. Rc2 {[%clk 00:57:16]} {[%emt 00:00:55]} a6 {[%clk 00:10:24]}
{[%emt 00:02:58]} 31. h3 {[%clk 00:56:23]} {[%emt 00:01:21]} Ba7 {[%clk
00:04:12]} {[%emt 00:06:43]} 32. Rb2 {[%clk 00:53:43]} {[%emt 00:03:09]} Nc4
{[%clk 00:01:40]} {[%emt 00:03:03]} 33. Bxc4 {[%clk 00:49:49]} {[%emt
00:04:24]} Rxc4 {[%clk 00:02:04]} {[%emt 00:00:05]} 34. Ne2 {[%clk 00:50:14]}
{[%emt 00:00:05]} Ke7 {[%clk 00:00:54]} {[%emt 00:01:39]} 35. f3 {[%clk
00:49:55]} {[%emt 00:00:50]} b5 {[%clk 00:00:51]} {[%emt 00:00:34]} 36. g4
{[%clk 00:50:04]} {[%emt 00:00:21]} fxg4 {[%clk 00:01:09]} {[%emt 00:00:12]} 37.
hxg4 {[%clk 00:50:28]} {[%emt 00:00:06]} c5 {[%clk 00:01:32]} {[%emt 00:00:07]}
38. Ng3 {[%clk 00:50:10]} {[%emt 00:00:48]} Rc3 {[%clk 00:00:44]} {[%emt
00:01:19]} 39. bxc5 {[%clk 00:47:29]} {[%emt 00:03:10]} Bxc5 {[%clk 00:00:50]}
{[%emt 00:00:23]} 40. Re2+ {[%clk 00:47:38]} {[%emt 00:00:20]} Kd7 {[%clk
00:00:56]} {[%emt 00:00:25]} 41. Ne4 {[%clk 00:47:01]} {[%emt 00:01:08]} Rc4
{[%clk 00:00:53]} {[%emt 00:00:32]} 42. Nxc5+ {[%clk 00:46:31]} {[%emt
00:01:01]} Rxc5 {[%clk 00:01:20]} {[%emt 00:00:03]} 43. Re3 {[%clk 00:46:51]}
{[%emt 00:00:09]} Rc6 {[%clk 00:01:19]} {[%emt 00:00:32]} 44. Kg3 {[%clk
00:46:19]} {[%emt 00:01:02]} Re6 {[%clk 00:01:35]} {[%emt 00:00:14]} 45. Rb3
{[%clk 00:46:17]} {[%emt 00:00:32]} Ke7 {[%clk 00:01:23]} {[%emt 00:00:41]} 46.
f4 {[%clk 00:46:02]} {[%emt 00:00:46]} Rb6 {[%clk 00:00:40]} {[%emt 00:01:13]}
47. Kf3 {[%clk 00:45:30]} {[%emt 00:01:00]} Re6 {[%clk 00:00:40]} {[%emt
00:00:30]} 48. Rc3 {[%clk 00:43:38]} {[%emt 00:02:22]} Kf6 {[%emt 00:01:21]} 49.
Rc7 {[%clk 00:43:22]} Rb6 {[%clk 00:00:57]} {[%emt 00:00:08]} 50. Ra7 {[%clk
00:42:14]} {[%emt 00:01:38]} Rc6 {[%clk 00:01:23]} {[%emt 00:00:04]} 51. Ke2
{[%clk 00:42:41]} {[%emt 00:00:03]} Kg6 {[%clk 00:01:37]} {[%emt 00:00:16]} 52.
Kd3 {[%clk 00:41:26]} {[%emt 00:01:44]} Kf6 {[%clk 00:01:14]} {[%emt 00:00:54]}
53. Ra8 {[%clk 00:40:47]} {[%emt 00:01:09]} Kg7 {[%clk 00:00:33]} {[%emt
00:01:11]} 54. Kd4 {[%clk 00:39:36]} {[%emt 00:01:40]} Kf6 {[%clk 00:00:36]}
{[%emt 00:00:28]} 55. Kd5 {[%clk 00:39:39]} {[%emt 00:00:26]} Rb6 {[%clk
00:01:02]} {[%emt 00:00:05]} 56. Kc5 {[%clk 00:32:28]} {[%emt 00:07:40]} Re6
{[%clk 00:01:27]} {[%emt 00:00:06]} 57. f5 {[%clk 00:32:01]} {[%emt 00:00:57]}
Re4 {[%clk 00:01:15]} {[%emt 00:00:42]} 58. Rxa6+ {[%clk 00:32:24]} {[%emt
00:00:07]} Kf7 {[%clk 00:01:32]} {[%emt 00:00:13]} 59. Rg6 {[%clk 00:31:44]}
{[%emt 00:01:10]} h5 {[%clk 00:01:36]} {[%emt 00:00:26]} 60. gxh5 {[%clk
00:31:04]} {[%emt 00:01:10]} Re5+ {[%clk 00:02:01]} {[%emt 00:00:05]} 61. Kb4
{[%clk 00:31:31]} {[%emt 00:00:03]} Rxf5 {[%clk 00:02:27]} {[%emt 00:00:04]} 62.
Rh6 {[%clk 00:31:39]} {[%emt 00:00:20]} Kg7 {[%clk 00:02:00]} {[%emt 00:00:58]}
63. Rb6 {[%clk 00:31:39]} {[%emt 00:00:29]} Rxh5 {[%clk 00:02:26]} {[%emt
00:00:05]} 64. Rxb5 {[%clk 00:31:47]} {[%emt 00:00:22]} Rh4+ {[%clk 00:02:51]}
{[%emt 00:00:06]} 65. Ka5 {[%clk 00:32:10]} {[%emt 00:00:06]} Rf4 {[%clk
00:02:40]} {[%emt 00:00:41]} 66. Re5 {[%clk 00:31:53]} {[%emt 00:00:46]} Rf3
{[%clk 00:01:18]} {[%emt 00:01:54]} 67. a4 {[%clk 00:32:09]} {[%emt 00:00:14]}
Rf4 {[%clk 00:01:00]} {[%emt 00:00:48]} 68. Kb5 {[%clk 00:32:31]} {[%emt
00:00:06]} Rf1 {[%clk 00:00:35]} {[%emt 00:00:56]} 69. a5 {[%clk 00:32:52]}
{[%emt 00:00:10]} Rf6 {[%clk 00:00:58]} {[%emt 00:00:07]} 70. a6 {[%clk
00:33:09]} {[%emt 00:00:13]} Rf7 {[%clk 00:01:12]} {[%emt 00:00:16]} 71. Rc5
{[%clk 00:33:12]} {[%emt 00:00:26]} Rf1 {[%clk 00:00:34]} {[%emt 00:01:10]} 72.
a7 {[%clk 00:33:28]} {[%emt 00:00:13]} Rb1+ {[%clk 00:00:41]} {[%emt 00:00:23]}
73. Kc6 {[%clk 00:33:51]} {[%emt 00:00:06]} Ra1 {[%clk 00:01:04]} {[%emt
00:00:07]} 74. Kb6 {[%clk 00:34:16]} {[%emt 00:00:04]} Rb1+ {[%clk 00:01:19]}
{[%emt 00:00:17]} 75. Rb5 {[%clk 00:34:41]} {[%emt 00:00:05]} Ra1 {[%clk
00:01:42]} {[%emt 00:00:07]} 76. Kb7 {[%emt 00:00:30]} 1-0